000 00596nam a2200193Ia 4500
001 10234
003 GE_BSU
008 181216s||||||||xx |||||||||||||| ||und||
040 _cGE_BSU
245 _aМировая экономика и международные отношения.№4. 2013.
245 _b№12 Апрель 2013
245 _cГл. ред. А.В.Рябов.
260 _aМосква
260 _bНаука
260 _c2014
300 _a128стр.29см.
653 _aМировая экономика и международные отношения
942 _cCR
999 _c43503
_d43503